Green House Farming/ (Record no. 211419)

MARC details
000 -LEADER
fixed length control field 00533nam a22001817a 4500
005 - DATE AND TIME OF LATEST TRANSACTION
control field 20250527123012.0
010 ## - LCCN (DPL NO)
LC control number ENG-145001
020 ## - INTERNATIONAL STANDARD BOOK NUMBER
Terms of availability 995.00
International Standard Book Number 9789381005828
035 ## - SYSTEM CONTROL NUMBER
System control number EN-128533
037 ## - SOURCE OF ACQUISITION
Source of stock number/acquisition DBAD
082 ## - DEWEY DECIMAL CLASSIFICATION NUMBER
Classification number 630
100 ## - MAIN ENTRY--PERSONAL NAME
Personal name Karande,A. S.
245 ## - TITLE STATEMENT
Title Green House Farming/
Statement of responsibility, etc A.S. Karande
Remainder of title Production and Marketing
260 ## - PUBLICATION, DISTRIBUTION, ETC. (IMPRINT)
Place of publication, distribution, etc Jaipur
Name of publisher, distributor, etc Raj publishing House
Date of publication, distribution, etc 2013
270 ## - ADDRESS
City Jaipur
Address 44,Parnami Mandir, Govnd Marg
Postal code 302004
300 ## - PHYSICAL DESCRIPTION
Extent 255 p.
Dimensions 22cm(hb)
942 ## - ADDED ENTRY ELEMENTS (KOHA)
Source of classification or shelving scheme Dewey Decimal Classification
Item type English Books
Classification part 630
Call number suffix KAR
Holdings
Withdrawn status Lost status Not for loan Collection code Home library Current library Date acquired Source of acquisition Cost, normal purchase price Full call number Barcode Copy number Cost, replacement price Koha item type
      Non-fiction New Police Line New Police Line 27/05/2025 DBAD 995.00 630 KAR EN-128533 1 995.00 English Books

© Delhi Public Library
Hit Counter
free hit counter